[Event "79th ARM-ch 1st League 2018"]
[Site "Yerevan"]
[Date "2018.08.10"]
[Round "2"]
[White "Gharibyan, Mamikon"]
[Black "Mikaelyan, Arman"]
[Result "1/2-1/2"]
[WhiteElo "2341"]
[BlackElo "2496"]
[Annotator "TA"]
[PlyCount "142"]
[EventDate "2018.08.09"]
[EventType "tourn"]
[EventCountry "ARM"]
[SourceTitle "playchess.com"]
[Source "ChessBase"]
[SourceQuality "1"]

{[%evp 19,142,19,26,29,17,-3,0,-9,-14,-20,-19,-31,-33,-156,-17,-44,38,23,30,-10,0,0,2,0,23,0,0,0,53,53,53,60,72,56,58,77,66,75,67,46,67,59,55,55,72,28,36,6,8,4,7,8,21,0,0,0,0,0,0,0,0,0,0,0,32,41,41,47,37,33,49,37,46,25,25,25,25,0,11,0,0,0,0,0,20,16,20,20,29,34,37,0,312,0,0,0,0,0,0,0,0,0,0,-8,-8,-26,-26,-26,0,-8,-8,-8,-8,-8,-8,-8,-8,-8,-8,-8,-8,-8,-8,-8,-8]} 1. d4 Nf6 2. Nf3 e6 3. c4 Bb4+ 4. Bd2 Qe7 5. g3 Bxd2+ 6. Qxd2 Nc6 {E11: Damenindisch (Bogoljubow-Variante)} (6... d5 7. Bg2 O-O 8. O-O Rd8 9. Na3 c6 10. Rac1 Nbd7 11. Rfd1 a5 12. Ne5 Nf8 13. Nb1 Ne8 14. Qc2 f6 15. Nf3 Nd6 16. Nbd2 {½-½ (30) Krasenkow,M (2671)-Korobov,A (2652) Wijk aan Zee 2018}) 7. Nc3 d5 8. Bg2 O-O 9. O-O dxc4 10. Ne5 Nxe5 {LiveBook: 16 Partien} 11. dxe5 Nd7 12. Qe3 $146 ({Vorgänger:} 12. Qd4 Qc5 13. Qxc5 Nxc5 14. Nb5 {1-0 (62) Gunina,V (2497)-Kosteniuk,A (2557) Batumi 2016}) 12... Qb4 13. Rad1 Rb8 14. Rd4 Qc5 $1 15. f4 b5 16. b4 ({Lieber} 16. a4 $15) 16... cxb3 ({Besser ist} 16... Qxb4 $17 {...Da3 ist eine echte Drohung.} 17. Rfd1 Qa3) 17. axb3 $11 Bb7 (17... Qb6 $15) 18. Bxb7 Rxb7 19. Rc1 Qe7 20. Ne4 Nb6 21. Qd3 Rbb8 22. Ng5 {[%csl Gg5][%cal Rd3h7]} g6 $1 23. Ne4 Rfd8 (23... Nd5 $11) 24. Rxd8+ $1 $14 Rxd8 25. Qxb5 Kg7 26. Qc5 Qd7 27. Kf2 Qd5 28. Qxd5 ({Viel schlechter ist} 28. Qe7 Rd7 $11) 28... Nxd5 {[%mdl 4096] Endspiel KTS-KTS} 29. Nc5 Rb8 30. e4 Nb4 31. Ke3 h5 32. h3 Rd8 33. g4 hxg4 34. hxg4 Rh8 35. f5 Rh3+ 36. Kf4 Kh6 {[%csl Gh6][%cal Rg6g5]} 37. g5+ Kh5 $1 38. fxe6 fxe6 39. Rd1 Rh4+ 40. Kg3 {Droht Matt per Td8.} Nc6 41. Nxe6 Rg4+ 42. Kf3 Nxe5+ 43. Ke3 Rh4 44. b4 Rh3+ 45. Kd4 Nc6+ 46. Kd5 Nxb4+ 47. Kc5 Re3 48. Kd4 Rf3 49. Ke5 Nc6+ 50. Kd5 Ne7+ 51. Kc5 Rc3+ 52. Kd4 Rf3 53. Rc1 c6 54. Rh1+ Kg4 55. Rh8 Rf1 $2 {[%mdl 8192] [#]} (55... c5+ $11 56. Kxc5 Rc3+ 57. Kd6 Nc8+ 58. Ke5 a5) 56. Re8 $2 (56. Ke5 $1 $18) 56... c5+ $1 $11 57. Kxc5 Rc1+ 58. Kd6 Nc8+ 59. Ke5 a5 60. Rd8 a4 61. Rd4 a3 62. Ra4 Nb6 63. Ra6 $1 Rb1 64. Kd4 {Die Stellung ist ausgeglichen.} Rb4+ 65. Kc3 Ra4 66. Rxa4 Nxa4+ {KS-KS} 67. Kb3 a2 68. Kxa2 Nc3+ 69. Kb3 Nxe4 70. Nf8 Kxg5 {[#]} 71. Nxg6 $1 {[%mdl 512]} Kxg6 {Precision: Weiß = 48%, Schwarz = 50%.} 1/2-1/2

[Event "79th ARM-ch 1st League 2018"]
[Site "Yerevan"]
[Date "2018.08.10"]
[Round "2"]
[White "Poghosyan, Suren"]
[Black "Sargsyan, Shant"]
[Result "1/2-1/2"]
[WhiteElo "2301"]
[BlackElo "2472"]
[Annotator "ChessBase"]
[PlyCount "53"]
[EventDate "2018.08.09"]
[EventType "tourn"]
[EventCountry "ARM"]
[SourceTitle "playchess.com"]
[Source "ChessBase"]
[SourceQuality "1"]
[TimeControl "40/5400+30:1800+30"]

1. d4 {[%emt 0:00:00]} Nf6 {[%emt 0:00:23]} 2. c4 {[%emt 0:00:21]} g6 {[%emt 0:00:14]} 3. Nc3 {[%emt 0:02:56]} d5 {[%emt 0:00:19]} 4. Nf3 {[%emt 0:00:16]} Bg7 {[%emt 0:00:22]} 5. Bf4 {[%emt 0:01:20]} O-O {[%emt 0:01:04]} 6. e3 {[%emt 0:00:39]} c5 {[%emt 0:01:54]} 7. dxc5 {[%emt 0:05:38]} Ne4 {[%emt 0:00:33]} 8. Rc1 {[%emt 0:05:38]} Nd7 {[%emt 0:06:15]} 9. cxd5 {[%emt 0:04:27]} Qa5 {[%emt 0:02:01]} 10. Nd4 {[%emt 0:15:34]} Nxc3 {[%emt 0:00:38]} 11. bxc3 {[%emt 0:14:04]} Nxc5 {[%emt 0:01:16]} 12. Bc4 {[%emt 0:06:14]} Bd7 {[%emt 0:01:22]} 13. O-O {[%emt 0:09:18]} Na4 {[%emt 0:00:41]} 14. Qb3 {[%emt 0:07:30]} Nb6 {[%emt 0:00:57]} 15. Bb5 {[%emt 0:02:26]} Bxd4 {[%emt 0:00:36]} 16. Bxd7 {[%emt 0:00:09]} Bf6 {[%emt 0:00:05]} 17. Bc7 {[%emt 0:08:06]} Qxd5 {[%emt 0:01:41]} 18. Rfd1 {[%emt 0:00:28]} Qc5 {[%emt 0:05:06]} 19. Bxb6 {[%emt 0:01:20]} axb6 {[%emt 0:00:18]} 20. a4 {[%emt 0:00:16]} e6 {[%emt 0:10:25]} 21. Rd3 {[%emt 0:02:59]} Rfd8 {[%emt 0:07:00]} 22. Rcd1 {[%emt 0:00:53]} Kg7 {[%emt 0:01:06]} 23. g3 {[%emt 0:02:41]} h5 {[%emt 0:00:52]} 24. h4 {[%emt 0:02:12]} Be5 {[%emt 0:07:49]} 25. Bb5 {[%emt 0:02:08]} Rd6 {[%emt 0:05:00]} 26. Rxd6 {[%emt 0:02:29]} Bxd6 {[%emt 0:00:12]} 27. Qc4 {[%emt 0:00:27]} 1/2-1/2

[Event "79th ARM-ch 1st League 2018"]
[Site "Yerevan"]
[Date "2018.08.10"]
[Round "2"]
[White "Mkrtchyan, Sargis R"]
[Black "Hayrapetyan, Artavazd R"]
[Result "0-1"]
[WhiteElo "2239"]
[BlackElo "2371"]
[Annotator "NA"]
[PlyCount "58"]
[EventDate "2018.08.09"]
[EventType "tourn"]
[EventCountry "ARM"]
[SourceTitle "playchess.com"]
[Source "ChessBase"]
[SourceQuality "1"]
[TimeControl "40/5400+30:1800+30"]

1. d4 {[%emt 0:00:00]} Nf6 {[%emt 0:00:10]} 2. c4 {[%emt 0:00:00]} e6 {[%emt 0:02:09]} 3. Nf3 {[%emt 0:00:06]} d5 {[%emt 0:01:33]} 4. g3 {[%emt 0:04:06]} a6 {[%emt 0:03:19]} 5. Bg2 {[%emt 0:05:32]} dxc4 {[%emt 0:00:32]} 6. O-O {[%emt 0:02:32]} b5 {[%emt 0:10:27]} 7. Ne5 {[%emt 0:07:16]} Nd5 {[%emt 0:01:55]} 8. a4 {[%emt 0:04:25]} Bb7 {[%emt 0:11:10]} 9. axb5 {[%emt 0:02:04]} axb5 {[%emt 0:00:06]} 10. Rxa8 {[%emt 0:00:07]} Bxa8 {[%emt 0:00:06]} 11. e4 {[%emt 0:00:11]} Nf6 {[%emt 0:00:45]} 12. Nc3 {[%emt 0:00:49]} c6 {[%emt 0:04:09]} 13. Bg5 {[%emt 0:19:09]} Be7 {[%emt 0:08:50]} 14. Qa1 {[%emt 0:03:31]} Bb7 {[%emt 0:01:13]} 15. Qa7 {[%emt 0:05:18]} Qc8 {[%emt 0:04:16]} 16. d5 {[%emt 0:11:13]} Bd6 {[%emt 0:29:27]} 17. Nxf7 {[%emt 0:10:05]} Kxf7 {[%emt 0:00:57]} 18. dxe6+ {[%emt 0:00:06]} Ke7 {[%emt 0:01:33]} 19. Rd1 {[%emt 0:05:22]} Rd8 {[%emt 0:05:10]} 20. Rxd6 {[%emt 0:08:50]} Rxd6 {[%emt 0:00:12]} 21. e5 {[%emt 0:00:23]} Rxe6 {[%emt 0:00:08]} 22. exf6+ {[%emt 0:00:57]} gxf6 {[%emt 0:02:58]} 23. Be3 {[%emt 0:01:11]} Nd7 {[%emt 0:01:55]} 24. Ne4 {[%emt 0:05:56]} Qa8 {[%emt 0:04:42]} 25. Qd4 {[%emt 0:02:10]} Qa1+ {[%emt 0:00:04]} 26. Bf1 {[%emt 0:00:04]} c5 {[%emt 0:00:53]} 27. Nxc5 {[%emt 0:00:40]} Ne5 {[%emt 0:00:23]} 28. Qf4 {[%emt 0:01:01]} Nf3+ {[%emt 0:00:25]} 29. Kg2 {[%emt 0:00:03]} Nd2+ {[%emt 0:00:08]} 0-1

[Event "79th ARM-ch 1st League 2018"]
[Site "Yerevan"]
[Date "2018.08.10"]
[Round "2"]
[White "Martirosyan, Garik"]
[Black "Hayrapetyan, Hovik"]
[Result "0-1"]
[WhiteElo "2145"]
[BlackElo "2439"]
[Annotator "NA"]
[PlyCount "130"]
[EventDate "2018.08.09"]
[EventType "tourn"]
[EventCountry "ARM"]
[SourceTitle "playchess.com"]
[Source "ChessBase"]
[SourceQuality "1"]
[TimeControl "40/5400+30:1800+30"]

1. d4 {[%emt 0:00:00]} Nf6 {[%emt 0:00:00]} 2. c4 {[%emt 0:00:00]} e6 {[%emt 0:00:00]} 3. Nc3 {[%emt 0:00:33]} Bb4 {[%emt 0:02:38]} 4. Nf3 {[%emt 0:01:33]} b6 {[%emt 0:00:39]} 5. e3 {[%emt 0:00:26]} Bb7 {[%emt 0:00:47]} 6. Bd3 {[%emt 0:00:37]} O-O {[%emt 0:03:03]} 7. O-O {[%emt 0:00:44]} Bxc3 {[%emt 0:00:57]} 8. bxc3 {[%emt 0:00:09]} d6 {[%emt 0:01:49]} 9. Nd2 {[%emt 0:02:04]} e5 {[%emt 0:02:27] LiveBook: 38 Games} 10. f3 {[%emt 0:02:25]} Qe7 {[%emt 0:01:45]} 11. e4 {[%emt 0:05:11]} c5 {[%emt 0:06:44]} 12. Rf2 {[%emt 0:06:34]} cxd4 {[%emt 0:00:58]} 13. cxd4 {[%emt 0:00:05]} Nc6 {[%emt 0:03:10]} 14. Nb3 {[%emt 0:12:43]} Rfd8 $16 {[%emt 0:10:32]} 15. Be3 {[%emt 0:09:30]} Rac8 {[%emt 0:00:28]} 16. d5 {[%emt 0:08:05]} Nb4 {[%emt 0:02:29]} 17. Bf1 {[%emt 0:00:18]} Nd7 {[%emt 0:00:33]} 18. a3 {[%emt 0:01:52]} Na6 {[%emt 0:00:09]} 19. a4 {[%emt 0:00:19]} g6 {[%emt 0:17:08]} 20. a5 {[%emt 0:02:23]} f5 {[%emt 0:01:29]} 21. exf5 {[%emt 0:05:36]} gxf5 {[%emt 0:00:22]} 22. Rb2 {[%emt 0:01:37]} Rc7 {[%emt 0:02:11]} 23. axb6 {[%emt 0:04:58]} axb6 {[%emt 0:00:21]} 24. Nd2 {[%emt 0:08:01]} Bc8 {[%emt 0:03:25]} 25. Nb1 {[%emt 0:04:17]} Nab8 {[%emt 0:10:56]} 26. Nc3 {[%emt 0:02:22]} Ba6 {[%emt 0:03:14]} 27. Nb5 {[%emt 0:00:43]} Bxb5 {[%emt 0:00:29]} 28. Rxb5 {[%emt 0:00:12]} Nc5 {[%emt 0:01:46]} 29. Rxb6 {[%emt 0:01:12]} Nbd7 {[%emt 0:00:18]} 30. Rb5 {[%emt 0:00:51]} Rdc8 {[%emt 0:01:46]} 31. Rba5 {[%emt 0:01:51]} Rb7 {[%emt 0:02:29]} 32. Ra7 {[%emt 0:00:49]} Rcb8 {[%emt 0:00:27]} 33. Qe1 {[%emt 0:02:05]} Qf6 {[%emt 0:04:41]} 34. Qg3+ {[%emt 0:02:09]} Kf7 {[%emt 0:01:54]} 35. Qh3 {[%emt 0:00:52]} Qg6 {[%emt 0:00:31]} 36. Qh4 {[%emt 0:00:51]} f4 {[%emt 0:00:55]} 37. Bf2 {[%emt 0:04:25]} Nb3 {[%emt 0:02:52]} 38. R1a3 {[%emt 0:03:39]} Nd2 {[%emt 0:00:38]} 39. Be2 {[%emt 0:03:28]} h6 {[%emt 0:05:11]} 40. Be1 {[%emt 0:00:00]} Nb3 {[%emt 0:00:00]} 41. Qh3 {[%emt 0:09:18]} Ndc5 {[%emt 0:05:58]} 42. Rxb7+ {[%emt 0:11:53]} Rxb7 {[%emt 0:00:06]} 43. Ra8 {[%emt 0:00:07]} Rc7 {[%emt 0:10:48]} 44. Qh4 {[%emt 0:03:33]} Qg5 {[%emt 0:01:55]} 45. Rh8 {[%emt 0:05:10]} Kg7 {[%emt 0:00:24]} 46. Qxg5+ {[%emt 0:00:41]} hxg5 {[%emt 0:00:04]} 47. Ra8 {[%emt 0:00:13]} Nd4 {[%emt 0:01:51]} 48. Kf2 {[%emt 0:00:40]} Rb7 {[%emt 0:00:26]} 49. Ra2 {[%emt 0:00:10]} Rb3 {[%emt 0:00:16]} 50. Ba5 {[%emt 0:00:52]} g4 {[%emt 0:02:11]} 51. Rd2 {[%emt 0:01:53]} Nxe2 {[%emt 0:07:14]} 52. Kxe2 {[%emt 0:00:19]} Re3+ {[%emt 0:00:09]} 53. Kd1 {[%emt 0:00:39]} Nb3 {[%emt 0:01:05]} 54. Ra2 {[%emt 0:01:09]} gxf3 {[%emt 0:00:14]} 55. gxf3 {[%emt 0:00:05]} Rxf3 {[%emt 0:00:12]} 56. Bc7 {[%emt 0:00:22]} Nd4 {[%emt 0:00:40]} 57. Rg2+ {[%emt 0:00:32]} Kf6 {[%emt 0:00:05]} 58. Bxd6 {[%emt 0:00:31]} e4 {[%emt 0:02:43]} 59. Ke1 {[%emt 0:03:26]} Re3+ {[%emt 0:04:30]} 60. Kf1 {[%emt 0:01:50]} f3 {[%emt 0:00:06]} 61. Rg4 {[%emt 0:00:35]} Nf5 {[%emt 0:00:49]} 62. c5 {[%emt 0:00:44]} Re2 {[%emt 0:00:29]} 63. Rf4 {[%emt 0:00:13]} Kg5 {[%emt 0:02:37]} 64. Kg1 {[%emt 0:00:39]} Nxd6 {[%emt 0:00:35]} 65. cxd6 {[%emt 0:00:10]} Kxf4 {[%emt 0:00:06]} 0-1

[Event "79th ARM-ch 1st League 2018"]
[Site "Yerevan"]
[Date "2018.08.11"]
[Round "3"]
[White "Harutyunian, Tigran K."]
[Black "Davtyan, Artur"]
[Result "1-0"]
[WhiteElo "2504"]
[BlackElo "2353"]
[Annotator "RC"]
[PlyCount "113"]
[EventDate "2018.08.09"]
[EventType "tourn"]
[EventCountry "ARM"]
[SourceTitle "playchess.com"]
[Source "ChessBase"]
[SourceQuality "1"]
[TimeControl "40/5400+30:1800+30"]

1. Nf3 {[%emt 0:00:28]} d5 {[%emt 0:00:00]} 2. g3 {[%emt 0:00:11]} Nd7 {[%emt 0:01:47]} 3. d4 {[%emt 0:03:59]} Ngf6 {[%emt 0:00:23]} 4. Bg2 {[%emt 0:00:56]} b5 {[%emt 0:01:26]} 5. O-O {[%emt 0:03:37]} e6 {[%emt 0:03:28]} 6. Nbd2 {[%emt 0:04:26]} Bb7 {[%emt 0:02:43]} 7. e4 {[%emt 0:04:45]} Nxe4 {[%emt 0:05:08]} 8. Nxe4 {[%emt 0:00:27]} dxe4 {[%emt 0:00:02]} 9. Ng5 {[%emt 0:00:46]} Nf6 {[%emt 0:03:00]} 10. Qe2 {[%emt 0:00:15]} Qd5 {[%emt 0:12:53]} 11. Re1 {[%emt 0:00:57]} Be7 {[%emt 0:07:13]} 12. a4 {[%emt 0:36:39]} a6 {[%emt 0:02:01]} 13. Nxe4 {[%emt 0:01:44]} Nxe4 {[%emt 0:00:43]} 14. Bxe4 {[%emt 0:00:06]} Qxe4 {[%emt 0:00:03]} 15. Qxe4 {[%emt 0:00:05]} Bxe4 {[%emt 0:00:04]} 16. Rxe4 {[%emt 0:00:07]} Kd7 {[%emt 0:00:04]} 17. Bd2 {[%emt 0:02:04]} Rhb8 {[%emt 0:03:02]} 18. b3 {[%emt 0:03:11]} Bd6 {[%emt 0:17:20]} 19. Kf1 {[%emt 0:00:22]} h5 {[%emt 0:01:34]} 20. h4 {[%emt 0:01:01]} Kc6 {[%emt 0:07:29]} 21. Ke2 {[%emt 0:01:46]} Kd5 {[%emt 0:04:09]} 22. Kd3 {[%emt 0:00:07]} c5 {[%emt 0:02:47]} 23. dxc5 {[%emt 0:02:04]} Bxc5 {[%emt 0:00:11]} 24. Be3 {[%emt 0:00:54]} g6 {[%emt 0:13:14]} 25. Bxc5 {[%emt 0:06:43]} Kxc5 {[%emt 0:00:04]} 26. b4+ {[%emt 0:00:06]} Kc6 {[%emt 0:00:20]} 27. c4 {[%emt 0:00:25]} bxc4+ {[%emt 0:08:57]} 28. Rxc4+ {[%emt 0:00:14]} Kd7 {[%emt 0:01:27]} 29. Rac1 {[%emt 0:01:05]} Rb7 {[%emt 0:00:02]} 30. Rd4+ {[%emt 0:00:47]} Ke7 {[%emt 0:01:55]} 31. Rc6 {[%emt 0:00:02]} e5 {[%emt 0:01:25]} 32. Rdc4 {[%emt 0:01:07]} Rd8+ {[%emt 0:00:34]} 33. Ke4 {[%emt 0:00:44]} Rdb8 {[%emt 0:00:28]} 34. Kxe5 {[%emt 0:03:22]} Rxb4 {[%emt 0:00:30]} 35. Rxb4 {[%emt 0:00:07]} Rxb4 {[%emt 0:00:02]} 36. Rxa6 {[%emt 0:00:15]} Rb2 {[%emt 0:00:44]} 37. Ra7+ {[%emt 0:01:16]} Kf8 {[%emt 0:00:47]} 38. f4 {[%emt 0:02:33]} Rb3 {[%emt 0:00:30]} 39. a5 {[%emt 0:00:53]} Re3+ {[%emt 0:00:30]} 40. Kd5 {[%emt 0:00:00]} Rxg3 {[%emt 0:00:00]} 41. Rb7 {[%emt 0:05:44]} Ra3 {[%emt 0:15:30]} 42. Rb5 {[%emt 0:00:06]} Ra4 {[%emt 0:03:39]} 43. Kc5 {[%emt 0:01:41]} Rxf4 {[%emt 0:05:16]} 44. a6 {[%emt 0:01:04]} Rxh4 {[%emt 0:02:09]} 45. a7 {[%emt 0:01:24]} Ra4 {[%emt 0:00:10]} 46. Rb8+ {[%emt 0:00:05]} Ke7 {[%emt 0:05:45]} 47. a8=Q {[%emt 0:00:19]} Rxa8 {[%emt 0:00:01]} 48. Rxa8 {[%emt 0:00:07]} Ke6 {[%emt 0:01:46]} 49. Kd4 {[%emt 0:00:17]} Kf5 {[%emt 0:00:23]} 50. Ke3 {[%emt 0:04:11]} Kg4 {[%emt 0:00:22]} 51. Ra1 {[%emt 0:00:28]} h4 {[%emt 0:00:58]} 52. Rg1+ {[%emt 0:00:23]} Kh5 {[%emt 0:00:20]} 53. Kf4 {[%emt 0:08:44]} f6 {[%emt 0:00:01]} 54. Rh1 {[%emt 0:00:39]} g5+ {[%emt 0:00:37]} 55. Kf5 {[%emt 0:00:20]} g4 {[%emt 0:00:06]} 56. Ra1 {[%emt 0:00:06]} h3 {[%emt 0:00:19]} 57. Ra8 {[%emt 0:00:07]} 1-0

[Event "79th ARM-ch 1st League 2018"]
[Site "Yerevan"]
[Date "2018.08.11"]
[Round "3"]
[White "Mikaelyan, Arman"]
[Black "Hakobyan, Aram"]
[Result "1/2-1/2"]
[WhiteElo "2496"]
[BlackElo "2545"]
[Annotator "TA"]
[PlyCount "36"]
[EventDate "2018.08.09"]
[EventType "tourn"]
[EventCountry "ARM"]
[SourceTitle "playchess.com"]
[Source "ChessBase"]
[SourceQuality "1"]

{[%evp 21,36,-49,-43,-62,-58,-79,-30,-25,-7,-1,-8,-10,0,0,0,-1,0]} 1. e4 e5 2. Nf3 Nc6 3. d4 exd4 4. Nxd4 Nf6 5. Nxc6 bxc6 6. Bd3 d5 7. Nd2 Bd6 8. O-O O-O 9. h3 Re8 {C45: Scotch Game} 10. exd5 cxd5 11. Nf3 c5 {LiveBook: 3 Games. Black is slightly better.} 12. b3 $146 ({Predecessor:} 12. c3 Ne4 13. Bb5 Bd7 14. Bxd7 Qxd7 15. Be3 Rab8 16. Rb1 Be7 17. Re1 {½-½ (41) Saptarshi,R (2449)-Bick,G (2399) Djenovici 2017}) 12... Bb7 13. Bb2 d4 14. c3 dxc3 15. Bxc3 {The position is equal.} Nd5 16. Bd2 Nf4 17. Bxf4 $1 Bxf4 18. Bb5 Qxd1 1/2-1/2

[Event "79th ARM-ch 1st League 2018"]
[Site "Yerevan"]
[Date "2018.08.11"]
[Round "3"]
[White "Sargsyan, Shant"]
[Black "Gharibyan, Mamikon"]
[Result "1-0"]
[WhiteElo "2472"]
[BlackElo "2341"]
[Annotator "TA"]
[PlyCount "93"]
[EventDate "2018.08.09"]
[EventType "tourn"]
[EventCountry "ARM"]
[SourceTitle "playchess.com"]
[Source "ChessBase"]
[SourceQuality "1"]

{[%evp 19,93,6,58,32,36,37,37,37,38,36,45,38,89,97,162,154,154,127,174,162,190,187,207,187,206,211,307,299,375,344,355,355,300,308,484,246,246,231,458,192,190,189,196,197,187,198,202,201,192,175,242,224,246,246,246,235,246,246,246,246,250,246,246,232,232,192,135,0,232,232,6099,5522,29979,29980,29980,29981]} 1. d4 Nf6 2. c4 e6 3. Nf3 d5 4. Nc3 Bb4 5. Bg5 h6 6. Bxf6 Qxf6 7. e3 O-O 8. Qb3 c5 9. cxd5 exd5 10. dxc5 {D38: Queen's Gambit Declined: Ragozin Defence (4 Nf3 Bb4)} Nc6 {LiveBook: 37 Games} (10... Bxc3+ $1 $11 11. Qxc3 (11. bxc3 Be6 $11) 11... Qxc3+ 12. bxc3 Nd7) 11. O-O-O Bxc3 12. Qxc3 {White is slightly better.} Qxc3+ 13. bxc3 Be6 14. Nd4 {[#]} Rfc8 $146 ({Predecessor:} 14... Rac8 15. c4 Na5 16. Nxe6 fxe6 17. cxd5 Rxc5+ {0-1 (55) Czerwonski,A (2371)-Moiseenko,A (2706) Trzcianka 2012}) 15. Bb5 Nxd4 (15... Nb8 $14) 16. exd4 $16 ({Much worse is} 16. cxd4 a6 $11) 16... a6 {[#]} (16... b6 $16) 17. Bd3 $1 $18 b6 18. cxb6 Rxc3+ 19. Kd2 Ra3 20. Ra1 Ra4 21. Rhb1 Rxd4 22. a4 a5 (22... Bf5 {was worth a try.}) 23. Ke3 Rg4 24. b7 Rb8 25. Rb6 Kf8 26. Rc1 Ke7 (26... g6 {might work better.} 27. Rxe6 Rxb7) 27. Ba6 (27. Rc7+ $142 Kd8 28. Rbc6) 27... Re4+ 28. Kd2 {Rc7+ is the strong threat.} Rxa4 $2 (28... Bd7 29. Rc8 Bxc8 30. bxc8=Q Rxc8) 29. Rc8 (29. Rc7+ $142 Kd8 30. Rbc6 Rd4+ 31. Kc1) 29... Bxc8 30. bxc8=N+ Rxc8 31. Bxc8 {[%mdl 4096] Endgame KRB-KR} Ra2+ 32. Ke3 d4+ 33. Kxd4 Rxf2 {[#]} 34. Bb7 $1 g6 (34... Rd2+ {is a better defense.} 35. Kc5 Rd1) 35. Ra6 Kf8 36. Rxa5 Kg7 37. Bd5 Rf5 38. Ra7 Rf4+ 39. Ke5 Rf6 40. g4 Rf1 41. h4 Rf2 42. Kd6 Rf6+ 43. Ke5 (43. Kd7 $16 {Hoping for Ke8.} Rf4 44. Kd6) 43... Rf2 44. Re7 Rf6 $2 {[#]} (44... Kf8) 45. Bxf7 $1 {[%mdl 512] Threatening mate with Be6+.} Rxf7 46. Ke6 Rxe7+ 47. Kxe7 {Precision: White = 73%, Black = 37%.} 1-0

[Event "79th ARM-ch 1st League 2018"]
[Site "Yerevan"]
[Date "2018.08.11"]
[Round "3"]
[White "Hayrapetyan, Hovik"]
[Black "Poghosyan, Suren"]
[Result "1/2-1/2"]
[WhiteElo "2439"]
[BlackElo "2301"]
[Annotator "NA"]
[PlyCount "101"]
[EventDate "2018.08.09"]
[EventType "tourn"]
[EventCountry "ARM"]
[SourceTitle "playchess.com"]
[Source "ChessBase"]
[SourceQuality "1"]
[TimeControl "40/5400+30:1800+30"]

1. g3 {[%emt 0:01:23]} c5 {[%emt 0:01:07]} 2. Bg2 {[%emt 0:00:29]} Nc6 {[%emt 0:00:08]} 3. c4 {[%emt 0:00:27]} g6 {[%emt 0:00:18]} 4. Nc3 {[%emt 0:00:29]} Bg7 {[%emt 0:00:09]} 5. Nf3 {[%emt 0:00:42]} d6 {[%emt 0:01:58]} 6. O-O {[%emt 0:00:55]} Nf6 {[%emt 0:00:24]} 7. d4 {[%emt 0:02:58]} cxd4 {[%emt 0:00:24]} 8. Nxd4 {[%emt 0:00:31]} Bd7 {[%emt 0:00:06]} 9. e3 {[%emt 0:01:40]} Qc8 {[%emt 0:05:24]} 10. Re1 {[%emt 0:05:40]} Bh3 {[%emt 0:02:49]} 11. Bh1 {[%emt 0:03:26]} h5 {[%emt 0:01:20]} 12. b3 {[%emt 0:05:04]} h4 {[%emt 0:04:47]} 13. Bb2 {[%emt 0:02:37]} hxg3 {[%emt 0:19:23]} 14. hxg3 {[%emt 0:00:17]} Bg4 {[%emt 0:01:35]} 15. f3 {[%emt 0:03:37]} Nxd4 {[%emt 0:25:51]} 16. exd4 {[%emt 0:00:46]} Qf5 {[%emt 0:01:31]} 17. fxg4 {[%emt 0:12:09]} Nxg4 {[%emt 0:02:06]} 18. Ne4 {[%emt 0:02:49]} Rxh1+ {[%emt 0:08:20]} 19. Kxh1 {[%emt 0:00:18]} O-O-O {[%emt 0:00:11]} 20. Qc2 {[%emt 0:07:32]} Rh8+ {[%emt 0:15:41]} 21. Kg1 {[%emt 0:00:13]} Rh3 {[%emt 0:00:20]} 22. Qg2 {[%emt 0:08:29]} Rh2 {[%emt 0:00:56]} 23. Qxh2 {[%emt 0:01:00]} Nxh2 {[%emt 0:00:07]} 24. Kxh2 {[%emt 0:00:02]} Qf3 {[%emt 0:00:25]} 25. Rad1 {[%emt 0:13:04]} f5 {[%emt 0:00:55]} 26. Nd2 {[%emt 0:00:03]} Qf2+ {[%emt 0:00:18]} 27. Kh1 {[%emt 0:00:01]} Qxg3 {[%emt 0:00:52]} 28. Re2 {[%emt 0:05:53]} Bf6 {[%emt 0:01:50]} 29. Rf1 {[%emt 0:05:35]} g5 {[%emt 0:01:58]} 30. Rf3 {[%emt 0:06:00]} Qg4 {[%emt 0:02:26]} 31. Ref2 {[%emt 0:04:40]} e6 {[%emt 0:00:43]} 32. Nf1 {[%emt 0:03:50]} Qe4 {[%emt 0:00:30]} 33. Ng3 {[%emt 0:00:30]} Qb1+ {[%emt 0:00:22]} 34. Kg2 {[%emt 0:00:19]} g4 {[%emt 0:00:36]} 35. Re3 {[%emt 0:01:29]} Bg5 {[%emt 0:00:28]} 36. Rxe6 {[%emt 0:00:29]} f4 {[%emt 0:00:06]} 37. Nf1 {[%emt 0:01:19]} Qf5 {[%emt 0:01:18]} 38. Re8+ {[%emt 0:00:55]} Kd7 {[%emt 0:00:10]} 39. Rg8 {[%emt 0:00:20]} Qe4+ {[%emt 0:01:03]} 40. Kg1 {[%emt 0:00:00]} g3 {[%emt 0:00:00]} 41. Rg2 {[%emt 0:08:13]} Bf6 {[%emt 0:12:51]} 42. Nxg3 {[%emt 0:03:30]} fxg3 {[%emt 0:00:24]} 43. R8xg3 {[%emt 0:00:03]} Bxd4+ {[%emt 0:00:57]} 44. Bxd4 {[%emt 0:01:00]} Qxd4+ {[%emt 0:00:06]} 45. Rf2 {[%emt 0:00:01]} d5 {[%emt 0:06:54]} 46. cxd5 {[%emt 0:00:32]} Qd1+ {[%emt 0:00:49]} 47. Kg2 {[%emt 0:00:06]} Qxd5+ {[%emt 0:00:05]} 48. Rgf3 {[%emt 0:00:04]} Kc7 {[%emt 0:03:24]} 49. Re2 {[%emt 0:00:10]} a6 {[%emt 0:00:18]} 50. Kf2 {[%emt 0:00:06]} Kb6 {[%emt 0:00:11]} 51. Rfe3 {[%emt 0:00:26]} 1/2-1/2

[Event "79th ARM-ch 1st League 2018"]
[Site "Yerevan"]
[Date "2018.08.11"]
[Round "3"]
[White "Hayrapetyan, Artavazd R."]
[Black "Martirosyan, Garik"]
[Result "1-0"]
[WhiteElo "2371"]
[BlackElo "2145"]
[Annotator "NA"]
[PlyCount "43"]
[EventDate "2018.08.09"]
[EventType "tourn"]
[EventCountry "ARM"]
[SourceTitle "playchess.com"]
[Source "ChessBase"]
[SourceQuality "1"]
[TimeControl "40/5400+30:1800+30"]

1. Nf3 {[%emt 0:00:09]} Nf6 {[%emt 0:00:00]} 2. g3 {[%emt 0:00:12]} b5 {[%emt 0:03:38]} 3. Bg2 {[%emt 0:01:15]} Bb7 {[%emt 0:00:16]} 4. d3 {[%emt 0:00:06]} c5 {[%emt 0:04:53]} 5. O-O {[%emt 0:00:07]} g6 {[%emt 0:02:08]} 6. e4 {[%emt 0:00:42]} Bg7 {[%emt 0:00:31]} 7. e5 {[%emt 0:01:28]} Ng4 {[%emt 0:03:40]} 8. Re1 {[%emt 0:01:01]} O-O {[%emt 0:06:15]} 9. h3 {[%emt 0:02:46]} Nh6 {[%emt 0:00:16]} 10. Nc3 {[%emt 0:06:29]} Qb6 {[%emt 0:09:06]} 11. a4 {[%emt 0:01:21]} b4 {[%emt 0:05:41]} 12. a5 {[%emt 0:00:19]} Qc7 {[%emt 0:01:37]} 13. Ne4 {[%emt 0:00:07]} Na6 {[%emt 0:02:11]} 14. c3 {[%emt 0:25:52]} d6 {[%emt 0:14:59]} 15. d4 {[%emt 0:07:38]} dxe5 {[%emt 0:03:26]} 16. dxe5 {[%emt 0:00:20]} Rad8 {[%emt 0:00:54]} 17. Qe2 {[%emt 0:00:09]} f6 {[%emt 0:01:58]} 18. exf6 {[%emt 0:03:44]} exf6 {[%emt 0:00:06]} 19. Bf4 {[%emt 0:00:04]} Qc6 {[%emt 0:02:07]} 20. Nh4 {[%emt 0:08:35]} Rfe8 {[%emt 0:11:25]} 21. Qc4+ {[%emt 0:00:52]} Kh8 {[%emt 0:00:39]} 22. Nd6 {[%emt 0:00:58]} 1-0